Management and Organisational Behaviour (Record no. 4444)

MARC details
000 -LEADER
fixed length control field 00353nam a2200145Ia 4500
008 - FIXED-LENGTH DATA ELEMENTS--GENERAL INFORMATION
fixed length control field 191201s2009 xx 000 0 und d
082 ## - DEWEY DECIMAL CLASSIFICATION NUMBER
Classification number 658.22
Item number MUM
100 ## - MAIN ENTRY--PERSONAL NAME
Personal name MULLINS, Laurie J
245 #0 - TITLE STATEMENT
Title Management and Organisational Behaviour
250 ## - EDITION STATEMENT
Edition statement 3rd IMP
260 ## - PUBLICATION, DISTRIBUTION, ETC. (IMPRINT)
Place of publication, distribution, etc N. Delhi
Name of publisher, distributor, etc Pearson
Date of publication, distribution, etc 2009
300 ## - PHYSICAL DESCRIPTION
Extent 1095
650 ## - SUBJECT ADDED ENTRY--TOPICAL TERM
Topical term or geographic name as entry element BBA
942 ## - ADDED ENTRY ELEMENTS (KOHA)
Source of classification or shelving scheme Dewey Decimal Classification
Koha item type Text Books
Holdings
Withdrawn status Lost status Source of classification or shelving scheme Damaged status Not for loan Collection code Home library Current library Date acquired Source of acquisition Cost, normal purchase price Bill Number Total Checkouts Full call number Acc. no. / Barcode Date last seen Bill Date Koha item type Date last borrowed
    Dewey Decimal Classification     BBA PIET C-LIBRARY PIET C-LIBRARY 23/04/2010 J B C, New Delhi 599.00 SI-4892   658.3 MUM 14979 04/12/2019 09/03/2010 Text Books  
    Dewey Decimal Classification     BBA PIET C-LIBRARY PIET C-LIBRARY 23/04/2010 J B C, New Delhi 599.00 SI-4892   658.3 MUM 14980 04/12/2019 09/03/2010 Text Books  
    Dewey Decimal Classification     BBA PIET C-LIBRARY PIET C-LIBRARY 23/04/2010 J B C, New Delhi 599.00 SI-4892 1 658.3 MUM 14981 08/02/2025 09/03/2010 Text Books 13/01/2024
    Dewey Decimal Classification     BBA PIET C-LIBRARY PIET C-LIBRARY 23/04/2010 J B C, New Delhi 599.00 SI-4892   658.3 MUM 14982 04/12/2019 09/03/2010 Text Books  
    Dewey Decimal Classification     BBA PIET C-LIBRARY PIET C-LIBRARY 23/04/2010 J B C, New Delhi 599.00 SI-4892   658.3 MUM 14983 04/12/2019 09/03/2010 Text Books  

Design & Developed by: PIET Central Library
R70 Miles Stone Pattikalyana Samalkha Panipat 132102
mail ID :- [email protected], Phone No:- 0180-2569700 Ex.216